000 00191nam a22000977a 4500
082 _a823
_bSTE/K
100 _aSTEVESON,R L
245 _aKIDNAPPED
246 _aKIDNAPPED
_bKIDNAPPED
942 _cBK
999 _c8200
_d8200